Cost accounting

Na minha lista:
Detalhes bibliográficos
Autor principal: Michael W Maher
Formato: Livro
Idioma:Undetermined
Publicado em: Illinois IRWIN 1994
Assuntos:
Tags: Adicionar Tag
Sem tags, seja o primeiro a adicionar uma tag!
Thư viện lưu trữ: Trung tâm Học liệu Trường Đại học Cần Thơ
LEADER 00501nam a2200193Ia 4500
001 CTU_153
008 210402s9999 xx 000 0 und d
020 |b 322.000đ 
082 |a 658.1552 
082 |b H214 
100 |a Michael W Maher 
245 0 |a Cost accounting 
245 0 |c Michael W Maher 
260 |a Illinois 
260 |b IRWIN 
260 |c 1994 
650 |a cost accounting 
904 |i Nguyễn Quang Điền, 961012 
980 |a Trung tâm Học liệu Trường Đại học Cần Thơ